Gdańsk czy Gdynia? - Statystyki

Ogólne statystyki
  • Ten quiz został rozwiązany 455 razy
  • Średni wynik to 11 z 15
Statystyki odpowiedzi
Zagadnienie Odpowiedź % Poprawnych
Został założony w roku 930 Gdańsk
94%
Związany jest z nim Lech Wałęsa Gdańsk
94%
Jest to miasto przy Morzu Bałtyckim Oba Miasta
93%
Był częścią Wolnego Miasta istniejącego w dwudziestoleciu międzywojennym Gdańsk
92%
Graniczy z Sopotem Oba Miasta
92%
Ma ponad 400 tys. mieszkańców Gdańsk
87%
Posiada Konsulat Generalny Niemiec Gdańsk
87%
Bardzo szybko rozwijała się w II RP Gdynia
84%
Ma powierzchnię większą od Warszawy Gdańsk
77%
Ma chłodniejszą średnią temperaturę Gdynia
76%
Posiada meczet Gdańsk
73%
Ma klub grającą w Ekstraklasie w sezonie 2024/25 Gdańsk
71%
Znajduje się tam Trójmiejski Park Krajobrazowy Oba Miasta
65%
Ma na fladze zwierzęta Gdynia
31%
Jest miastem partnerskim ukraińskiego miasta Oba Miasta
31%
Nie znaleziono quizów pasujących do podanych kryteriów
Rozkład punktacji
Procent ludzi z każdym wynikiem
Percentyl według liczby udzielonych odpowiedzi
Twoja historia wyników
Nie rozwiązałeś tego quizu